[Event "Oslo Chess International - Håvard Vederhus' memorial"]
[Site "Ullevaal Stadion"]
[Date "2013.09.29"]
[Round "1"]
[White "Getz, Nicolai"]
[Black "Istratescu, Andrei"]
[Result "0-1"]
[WhiteElo "2358"]
[BlackElo "2646"]
[PlyCount "80"]
[EventDate "2013.??.??"]

1. e4 c6 2. c4 d5 3. exd5 cxd5 4. d4 Nf6 5. Nc3 e6 6. c5 Be7 7. Nf3 O-O 8. Qc2
b6 9. b4 bxc5 10. bxc5 Nc6 11. Bb5 Bd7 12. O-O Nb4 13. Qe2 Ne4 14. Bb2 Bxb5 15.
Nxb5 Nc6 16. Nc3 f5 17. Nxe4 dxe4 18. Qc4 Qd5 19. Qxd5 exd5 20. Ne1 Rab8 21.
Bc3 Bf6 22. Nc2 f4 23. Rab1 Kf7 24. Rfd1 Ke6 25. Nb4 Nxb4 26. Rxb4 Rxb4 27.
Bxb4 Rb8 28. Bc3 g5 29. Kf1 g4 30. g3 f3 31. Kg1 Kf5 32. h4 gxh3 33. Kh2 Kg4
34. Bd2 Bxd4 35. Bf4 Rb2 36. Rxd4 Rxf2+ 37. Kg1 h2+ 38. Kh1 Kh3 39. Rd1 Rg2 40.
Be3 f2
0-1

[Event "Oslo Chess International - Håvard Vederhus' memorial"]
[Site "Ullevaal Stadion"]
[Date "2013.09.29"]
[Round "1"]
[White "Postny, Evgeny"]
[Black "Schmitz, Thorsten"]
[Result "1-0"]
[WhiteElo "2628"]
[BlackElo "2322"]
[PlyCount "53"]
[EventDate "2013.??.??"]

1. d4 Nf6 2. c4 g6 3. Nc3 Bg7 4. e4 d6 5. Nf3 O-O 6. h3 e5 7. d5 a5 8. g4 Na6
9. Be3 Nd7 10. Rg1 Kh8 11. h4 f5 12. gxf5 gxf5 13. exf5 Ndc5 14. Bh3 Bxf5 15.
Bxf5 Rxf5 16. Ng5 Qf6 17. Qe2 e4 18. Ncxe4 Nxe4 19. Nxe4 Qxh4 20. Ng3 Re5 21.
Rh1 Qe7 22. O-O-O Re8 23. Qc2 Bf6 24. Bd4 Nb4 25. Qg6 Nxa2+ 26. Kb1 Nb4 27.
Bxe5
1-0

[Event "Oslo Chess International - Håvard Vederhus' memorial"]
[Site "Ullevaal Stadion"]
[Date "2013.09.29"]
[Round "1"]
[White "Vaarala, Eric"]
[Black "Rozentalis, Eduardas"]
[Result "0-1"]
[WhiteElo "2289"]
[BlackElo "2614"]
[PlyCount "104"]
[EventDate "2013.??.??"]

1. d4 Nf6 2. Nf3 b5 3. g3 Bb7 4. Bg2 e6 5. O-O c5 6. c3 Be7 7. a4 b4 8. Nbd2
O-O 9. Qc2 bxc3 10. bxc3 cxd4 11. cxd4 Na6 12. Ba3 Nb4 13. Bxb4 Bxb4 14. Rfb1
a5 15. Rc1 Qb6 16. e3 Rab8 17. Nc4 Qa6 18. Na3 Rfc8 19. Qd1 Rxc1 20. Qxc1 Bc6
21. Nb5 Bxb5 22. axb5 Qxb5 23. Ne5 Nd5 24. Bxd5 Qxd5 25. Qc7 Qb7 26. Qxd7 Qxd7
27. Nxd7 Rc8 28. Nc5 Bxc5 29. Rc1 Kf8 30. dxc5 Ke7 31. Kf1 Kd7 32. Ke2 Kc6 33.
Ra1 Ra8 34. Kd3 Kxc5 35. Kc3 a4 36. Rc1 Rb8 37. Ra1 Rb3+ 38. Kc2 Rb4 39. Kc3
Rc4+ 40. Kd3 f5 41. Rb1 a3 42. Ra1 Ra4 43. Kc3 a2 44. Kb3 Ra7 45. f3 e5 46.
Rc1+ Kb5 47. Ra1 g6 48. f4 e4 49. h3 h5 50. h4 Ra6 51. Kb2 Kb4 52. Kc2 Kc4
0-1

[Event "Oslo Chess International - Håvard Vederhus' memorial"]
[Site "Ullevaal Stadion"]
[Date "2013.09.29"]
[Round "1"]
[White "Agdestein, Simen"]
[Black "Lundin, Jan"]
[Result "1-0"]
[WhiteElo "2595"]
[BlackElo "2285"]
[PlyCount "53"]
[EventDate "2013.??.??"]

1. d4 d5 2. c4 dxc4 3. Nf3 e6 4. Nc3 a6 5. a4 Nc6 6. e4 Na5 7. Be3 Nf6 8. Ne5
c5 9. Bxc4 Nd7 10. Nxf7 Qf6 11. Nxh8 Nxc4 12. e5 Qh4 13. g3 Qh3 14. Qe2 b5 15.
axb5 Bb7 16. Rf1 cxd4 17. Bxd4 axb5 18. Rxa8+ Bxa8 19. Nxb5 Bb4+ 20. Bc3 Bxc3+
21. Nxc3 Ncb6 22. Nb5 Kf8 23. Nd6 Bd5 24. f4 Kg8 25. Nhf7 Nc4 26. Ng5 Qg2 27.
Qxg2
1-0

[Event "Oslo Chess International - Håvard Vederhus' memorial"]
[Site "Ullevaal Stadion"]
[Date "2013.09.29"]
[Round "1"]
[White "Kvisvik, Brede Alex."]
[Black "Solodovnichenko, Yuri"]
[Result "0-1"]
[WhiteElo "2270"]
[BlackElo "2577"]
[PlyCount "52"]
[EventDate "2013.??.??"]

1. d4 d6 2. c4 e5 3. Nf3 e4 4. Ng5 f5 5. Nc3 Be7 6. Nh3 Nf6 7. Bg5 Nbd7 8. e3
Nf8 9. Nf4 Ne6 10. Bxf6 Bxf6 11. Ncd5 Nxf4 12. Nxf4 g6 13. Be2 c5 14. O-O cxd4
15. exd4 O-O 16. c5 Kg7 17. Rb1 dxc5 18. dxc5 Be5 19. Nd5 f4 20. Bc4 Qh4 21.
Re1 e3 22. f3 Rf5 23. Bf1 Rh5 24. h3 Qf2+ 25. Kh1 Bxh3 26. gxh3 Rg5
0-1

[Event "Oslo Chess International - Håvard Vederhus' memorial"]
[Site "Ullevaal Stadion"]
[Date "2013.09.29"]
[Round "1"]
[White "Persson, Mats"]
[Black "Adhiban, Baskaran"]
[Result "1/2-1/2"]
[WhiteElo "2238"]
[BlackElo "2567"]
[PlyCount "97"]
[EventDate "2013.??.??"]

1. e4 c5 2. Nf3 d6 3. Nc3 Nf6 4. e5 dxe5 5. Nxe5 a6 6. a4 Qc7 7. Nc4 Nc6 8. Be2
Be6 9. b3 Rd8 10. O-O g6 11. d3 Bg7 12. Bd2 b6 13. Qc1 Nd4 14. Bd1 b5 15. axb5
axb5 16. Bf4 Qb7 17. Ne3 O-O 18. Re1 Rc8 19. Be5 Rfd8 20. Ra2 Qd7 21. Ne2 Nc6
22. Bc3 Nb4 23. Bxb4 cxb4 24. Qb1 Nd5 25. Nxd5 Bxd5 26. Nf4 Bb7 27. Ne2 Qc6 28.
Nf4 Qc7 29. Ne2 Be5 30. Ng3 h5 31. Bf3 Bxf3 32. gxf3 h4 33. Nf1 Ra8 34. Re4 h3
35. Rxb4 Rxa2 36. Qxa2 Qc6 37. Qa5 Ra8 38. Qxb5 Qxf3 39. Qb7 Qxb7 40. Rxb7 Ra2
41. Rxe7 f6 42. Re8+ Kf7 43. Rc8 g5 44. Rc4 f5 45. f3 Ra1 46. Kf2 Bf4 47. Rc6
Rc1 48. Ng3 Rb1 49. Nf1
1/2-1/2

[Event "Oslo Chess International - Håvard Vederhus' memorial"]
[Site "Ullevaal Stadion"]
[Date "2013.09.29"]
[Round "1"]
[White "Bok, Benjamin"]
[Black "Dolzhikova, Olga"]
[Result "1-0"]
[WhiteElo "2520"]
[BlackElo "2237"]
[PlyCount "67"]
[EventDate "2013.??.??"]

1. e4 e5 2. Bc4 Nf6 3. d3 c6 4. Nf3 d5 5. Bb3 Bd6 6. exd5 cxd5 7. Bg5 Be6 8.
Nc3 Bc7 9. d4 e4 10. Nd2 O-O 11. Bxf6 gxf6 12. Nf1 Nc6 13. Ne3 Ne7 14. O-O Bf4
15. Ne2 Qd6 16. Nxf4 Qxf4 17. g3 Qd6 18. Qh5 Kh8 19. Qh4 Bd7 20. f3 f5 21. fxe4
dxe4 22. Rad1 Ng6 23. Qh6 Rae8 24. Nxf5 Bxf5 25. Rxf5 Re7 26. c3 e3 27. Re1 e2
28. Rf2 Rfe8 29. Rxf7 Rxf7 30. Bxf7 Rf8 31. Bxg6 Rf1+ 32. Rxf1 exf1=Q+ 33. Kxf1
Qf6+ 34. Kg1
1-0

[Event "Oslo Chess International - Håvard Vederhus' memorial"]
[Site "Ullevaal Stadion"]
[Date "2013.09.29"]
[Round "1"]
[White "Koskela, Niina"]
[Black "Johannessen, Leif E"]
[Result "1/2-1/2"]
[WhiteElo "2220"]
[BlackElo "2519"]
[PlyCount "74"]
[EventDate "2013.??.??"]

1. e4 e5 2. Bc4 Nf6 3. d3 Nc6 4. Nf3 Bc5 5. c3 O-O 6. O-O d5 7. exd5 Nxd5 8. b4
Be7 9. b5 Na5 10. Bxd5 Qxd5 11. c4 Qe6 12. Bd2 b6 13. Bxa5 bxa5 14. Nc3 Bb7 15.
Qe2 Rad8 16. Rad1 Bb4 17. Ne4 h6 18. Ng3 Rfe8 19. Qe3 Qb6 20. Qe2 g6 21. h4 h5
22. Ne4 f5 23. c5 Bxc5 24. Nxc5 Qxc5 25. Rc1 Qd6 26. Rc3 Re7 27. Rfc1 Kg7 28.
Rc5 Bd5 29. Ng5 Rdd7 30. Qb2 Qf6 31. Qc3 e4 32. dxe4 fxe4 33. Qxf6+ Kxf6 34.
R1c3 Ke5 35. Ra3 Kd4 36. Rc1 Rd6 37. Rxa5 Rb6
1/2-1/2

[Event "Oslo Chess International - Håvard Vederhus' memorial"]
[Site "Ullevaal Stadion"]
[Date "2013.09.29"]
[Round "1"]
[White "Narciso Dublan, Marc"]
[Black "Andersen, Alf Roger"]
[Result "1/2-1/2"]
[WhiteElo "2509"]
[BlackElo "2207"]
[PlyCount "139"]
[EventDate "2013.??.??"]

1. e4 c5 2. Nc3 g6 3. g3 Bg7 4. Bg2 Nc6 5. d3 e5 6. f4 d6 7. Nf3 Nge7 8. O-O
O-O 9. Be3 Nd4 10. Qd2 Bd7 11. Rf2 b5 12. Raf1 b4 13. Nd1 Nxf3+ 14. Bxf3 Bh3
15. Bg2 Bxg2 16. Kxg2 exf4 17. Rxf4 f5 18. R4f2 Qd7 19. Bh6 Qe6 20. Bxg7 Kxg7
21. Qf4 d5 22. exf5 Nxf5 23. Qc7+ Qe7 24. Qxe7+ Nxe7 25. c3 Rxf2+ 26. Rxf2 a5
27. Rc2 Ra7 28. cxb4 cxb4 29. Ne3 d4 30. Nc4 a4 31. Re2 a3 32. bxa3 bxa3 33.
Re5 Kf6 34. Rb5 Ke6 35. Rb6+ Kd5 36. Kf3 Kc5 37. Rb3 Nd5 38. Rxa3 Rxa3 39. Nxa3
Nc3 40. Nc2 Nxa2 41. Ke4 Nc3+ 42. Ke5 Ne2 43. g4 g5 44. Kf5 Nf4 45. Ne1 h6 46.
h4 Nh3 47. h5 Nf2 48. Nf3 Nxd3 49. Kg6 Kd5 50. Kxh6 Ne5 51. Nxe5 Kxe5 52. Kxg5
d3 53. h6 d2 54. h7 d1=Q 55. h8=Q+ Ke4 56. Qe8+ Kf3 57. Qc6+ Kg3 58. Qc3+ Kf2
59. Qc5+ Kg2 60. Kh5 Qf3 61. Qf5 Qe2 62. Kh6 Qa6+ 63. Qg6 Qa3 64. g5 Kg3 65.
Qe6 Qc1 66. Qe5+ Kg4 67. Qe4+ Kg3 68. Qe5+ Kg4 69. Qe6+ Kh4 70. Qe5
1/2-1/2

[Event "Oslo Chess International - Håvard Vederhus' memorial"]
[Site "Ullevaal Stadion"]
[Date "2013.09.29"]
[Round "1"]
[White "Elsness, Frode"]
[Black "Nagarajan, Raghavi"]
[Result "0-1"]
[WhiteElo "2505"]
[BlackElo "2174"]
[PlyCount "80"]
[EventDate "2013.??.??"]

1. d4 d5 2. c4 e6 3. Nc3 Be7 4. cxd5 exd5 5. Bf4 c6 6. e3 Bf5 7. g4 Be6 8. h3
Nd7 9. Bd3 g5 10. Bh2 h5 11. f3 hxg4 12. hxg4 Bd6 13. Qc2 Bg3+ 14. Bxg3 Rxh1
15. Bh2 Qe7 16. Qg2 Rxh2 17. Qxh2 a6 18. O-O-O c5 19. Qc7 c4 20. Bc2 Nb8 21.
Qb6 Nc6 22. Ba4 Qd7 23. e4 Nge7 24. exd5 Nxd5 25. Nxd5 Bxd5 26. Re1+ Kf8 27.
Qc5+ Kg7 28. Re5 Nxe5 29. dxe5 b5 30. Qe3 Qe7 31. Bc2 Re8 32. Bf5 Kf8 33. f4
gxf4 34. Qxf4 Qxe5 35. Qh6+ Ke7 36. Qd2 Kd6 37. Nf3 Qe3 38. Ng5 Qe1+ 39. Qxe1
Rxe1+ 40. Kd2 Rg1
0-1

[Event "Oslo Chess International - Håvard Vederhus' memorial"]
[Site "Ullevaal Stadion"]
[Date "2013.09.29"]
[Round "1"]
[White "Donchenko, Alexander"]
[Black "Lillevold, Frode"]
[Result "1/2-1/2"]
[WhiteElo "2467"]
[BlackElo "2161"]
[PlyCount "62"]
[EventDate "2013.??.??"]

1. c4 e6 2. g3 d5 3. Bg2 Nf6 4. Nf3 Be7 5. O-O O-O 6. b3 c5 7. Bb2 Nc6 8. e3 b6
9. Nc3 Bb7 10. cxd5 Nxd5 11. Nxd5 exd5 12. d4 Ba6 13. Re1 c4 14. bxc4 Bxc4 15.
Nd2 Rc8 16. a3 b5 17. e4 b4 18. Nxc4 dxc4 19. axb4 Bxb4 20. Re3 c3 21. Bxc3
Bxc3 22. Rxc3 Qxd4 23. Qxd4 Nxd4 24. Rxc8 Rxc8 25. Rxa7 Rc1+ 26. Bf1 g5 27. h3
Nf3+ 28. Kg2 Ne1+ 29. Kh1 Nf3 30. Kg2 Ne1+ 31. Kh1 Nf3
1/2-1/2

[Event "Oslo Chess International - Håvard Vederhus' memorial"]
[Site "Ullevaal Stadion"]
[Date "2013.09.29"]
[Round "1"]
[White "Kvisla, Johannes"]
[Black "Lie, Espen"]
[Result "1/2-1/2"]
[WhiteElo "2157"]
[BlackElo "2455"]
[PlyCount "38"]
[EventDate "2013.??.??"]

1. d4 d6 2. Nf3 g6 3. c4 Bg7 4. Nc3 Bg4 5. g3 Bxf3 6. exf3 Nc6 7. Be3 e5 8.
dxe5 Bxe5 9. Rc1 Nge7 10. Bd3 Qd7 11. f4 Bg7 12. O-O O-O 13. Qf3 Nf5 14. Bxf5
Qxf5 15. Nd5 Qd7 16. Rfd1 b6 17. c5 Rac8 18. cxd6 cxd6 19. b4 Ne7
1/2-1/2

[Event "Oslo Chess International - Håvard Vederhus' memorial"]
[Site "Ullevaal Stadion"]
[Date "2013.09.29"]
[Round "1"]
[White "Svane, Rasmus"]
[Black "Strand, Håkon"]
[Result "1-0"]
[WhiteElo "2445"]
[BlackElo "2151"]
[PlyCount "61"]
[EventDate "2013.??.??"]

1. Nf3 Nf6 2. c4 e6 3. g3 d5 4. Bg2 Nbd7 5. b3 Bd6 6. O-O O-O 7. Nc3 c5 8. cxd5
exd5 9. d4 Nb6 10. Bg5 cxd4 11. Qxd4 Be7 12. Rac1 Be6 13. Nb5 Qd7 14. a4 Rfc8
15. Nxa7 Rxa7 16. Qxb6 Ra6 17. Qd4 h6 18. Ne5 Qd8 19. Rxc8 Qxc8 20. Rc1 Qe8 21.
Bf4 b5 22. Qd3 Ne4 23. Qxb5 Qxb5 24. axb5 Rb6 25. Nc6 Bf6 26. Bxe4 dxe4 27. Rc5
Bxb3 28. Bc7 Rb7 29. Na5 Rxc7 30. Rxc7 Be6 31. Nc6
1-0

[Event "Oslo Chess International - Håvard Vederhus' memorial"]
[Site "Ullevaal Stadion"]
[Date "2013.09.29"]
[Round "1"]
[White "Trent, Lawrence"]
[Black "Vea, Odin Blikra"]
[Result "1-0"]
[WhiteElo "2440"]
[BlackElo "2226"]
[PlyCount "113"]
[EventDate "2013.??.??"]

1. e4 c5 2. Nf3 d6 3. Bb5+ Nd7 4. d4 Ngf6 5. e5 dxe5 6. dxe5 Qa5+ 7. Nc3 Ne4 8.
e6 fxe6 9. Ne5 Nd6 10. Bxd7+ Bxd7 11. Nxd7 Kxd7 12. O-O Rd8 13. Re1 c4 14. Bf4
g5 15. Be5 Rg8 16. Qg4 Rg6 17. Rad1 Kc8 18. Bxd6 exd6 19. Rxe6 Rxe6 20. Qxe6+
Kb8 21. Qxc4 Qe5 22. Rd5 Qe1+ 23. Qf1 Re8 24. Rd1 Qe6 25. g3 Bg7 26. Qd3 Be5
27. Nb5 Qxa2 28. Qxh7 Qc4 29. Qd7 Qc6 30. Qxc6 bxc6 31. Nd4 Kc7 32. b3 Bf6 33.
Kf1 a5 34. Nf5 d5 35. Re1 Ra8 36. Re6 Bc3 37. Re3 d4 38. Re7+ Kb6 39. Nd6 a4
40. bxa4 Rxa4 41. Ke2 Ra1 42. Kd3 Rh1 43. Kc4 c5 44. Ne4 Rxh2 45. Re6+ Kc7 46.
Kxc5 Bb2 47. Re7+ Kd8 48. Rb7 Ba1 49. Rb1 Bc3 50. Nxc3 dxc3 51. Rf1 Ke7 52. Kd4
Kf6 53. Kxc3 Kf5 54. Kd4 Kg4 55. Ke3 Rh8 56. f3+ Kf5 57. c4
1-0

[Event "Oslo Chess International - Håvard Vederhus' memorial"]
[Site "Ullevaal Stadion"]
[Date "2013.09.29"]
[Round "1"]
[White "Haugli, Petter"]
[Black "Grønnestad, Anita"]
[Result "1-0"]
[WhiteElo "2293"]
[BlackElo "1995"]
[PlyCount "83"]
[EventDate "2013.??.??"]

1. e4 e6 2. d4 d5 3. Nc3 Nf6 4. Bg5 dxe4 5. Nxe4 Be7 6. Bxf6 Bxf6 7. Nf3 O-O 8.
c3 Nd7 9. Bd3 b6 10. Qc2 Bb7 11. O-O-O Be7 12. h4 a5 13. Neg5 g6 14. Kb1 Re8
15. Qd2 Bxf3 16. Nxf3 Kg7 17. h5 g5 18. h6+ Kh8 19. Qe3 Rg8 20. g4 Rc8 21. Ba6
Rb8 22. Bb5 Qc8 23. Bxd7 Qxd7 24. Ne5 Qe8 25. Qf3 f6 26. Nc6 Ra8 27. Rde1 Qf7
28. d5 Bc5 29. dxe6 Qg6+ 30. Ka1 a4 31. a3 Rae8 32. Re2 Rgf8 33. Qf5 Qg8 34.
Rd1 Bd6 35. Rd4 Ra8 36. Ree4 Qg6 37. Rxa4 Qxh6 38. e7 Qh1+ 39. Ka2 Bxe7 40.
Rxa8 Rxa8 41. Nxe7 Kg7 42. Nd5
1-0

[Event "Oslo Chess International - Håvard Vederhus' memorial"]
[Site "Ullevaal Stadion"]
[Date "2013.09.29"]
[Round "2"]
[White "Istratescu, Andrei"]
[Black "Svane, Rasmus"]
[Result "1/2-1/2"]
[WhiteElo "2646"]
[BlackElo "2445"]
[PlyCount "116"]
[EventDate "2013.??.??"]

1. d4 Nf6 2. Nf3 d5 3. c4 e6 4. Nc3 c5 5. cxd5 Nxd5 6. e3 Be7 7. Bd3 Nc6 8. O-O
O-O 9. a3 b6 10. Qc2 Nxc3 11. bxc3 g6 12. Rd1 Qc7 13. c4 Bf6 14. Bb2 cxd4 15.
exd4 Bb7 16. d5 Ne5 17. Nxe5 Bxe5 18. dxe6 Bxh2+ 19. Kh1 Be5 20. Re1 Bxb2 21.
Qxb2 fxe6 22. Be4 Bxe4 23. Rxe4 Rf5 24. Kg1 Raf8 25. Rf1 Rh5 26. g3 Qf7 27. Qe2
Qf3 28. Qxf3 Rxf3 29. Rxe6 Ra5 30. Rd1 Raxa3 31. Rd7 Rf7 32. Ree7 Rxe7 33. Rxe7
Ra4 34. Rc7 h5 35. Kg2 a5 36. Rc6 Kg7 37. Rxb6 Rxc4 38. Ra6 Ra4 39. f4 Ra1 40.
Kh2 Kf7 41. Kg2 a4 42. Kh2 a3 43. Kg2 Kg7 44. Kh2 a2 45. Kg2 Kf7 46. Ra8 Ke6
47. Ra5 Kd6 48. Ra8 Kd5 49. Rd8+ Ke4 50. Re8+ Kf5 51. Re5+ Kf6 52. Ra5 Ke6 53.
Ra8 Kf5 54. Ra5+ Ke4 55. Ra4+ Ke3 56. Ra3+ Ke4 57. Ra4+ Ke3 58. Ra3+ Ke4
1/2-1/2

[Event "Oslo Chess International - Håvard Vederhus' memorial"]
[Site "Ullevaal Stadion"]
[Date "2013.09.29"]
[Round "2"]
[White "Trent, Lawrence"]
[Black "Postny, Evgeny"]
[Result "0-1"]
[WhiteElo "2440"]
[BlackElo "2628"]
[PlyCount "50"]
[EventDate "2013.??.??"]

1. e4 c6 2. Nc3 d5 3. Nf3 Bg4 4. h3 Bxf3 5. Qxf3 Nf6 6. d3 e6 7. Bd2 d4 8. Nd1
c5 9. g4 Nc6 10. g5 Nd7 11. a3 Bd6 12. h4 O-O 13. Bh3 c4 14. Qe2 Qc7 15. O-O
Bf4 16. Be1 Nc5 17. dxc4 d3 18. cxd3 Nb3 19. Rb1 Nbd4 20. Qg4 Ne5 21. Qg2 Ndf3+
22. Kh1 Nxh4 23. Qg1 Nef3 24. Qg4 Bxg5 25. Qg3 Bf4
0-1

[Event "Oslo Chess International - Håvard Vederhus' memorial"]
[Site "Ullevaal Stadion"]
[Date "2013.09.29"]
[Round "2"]
[White "Rozentalis, Eduardas"]
[Black "Haugli, Petter"]
[Result "1-0"]
[WhiteElo "2614"]
[BlackElo "2293"]
[PlyCount "63"]
[EventDate "2013.??.??"]

1. e4 e6 2. d4 d5 3. Nd2 c5 4. Ngf3 Nc6 5. exd5 exd5 6. Bb5 Bd6 7. dxc5 Bxc5 8.
Nb3 Qe7+ 9. Be2 Bb6 10. O-O Nf6 11. Bg5 O-O 12. c3 Re8 13. Bb5 Bg4 14. h3 Bxf3
15. Qxf3 Qe4 16. Qd1 Qf5 17. Bxf6 Qxf6 18. Qxd5 Re5 19. Qc4 Rf5 20. Bxc6 Rxf2
21. Nd4 Bxd4 22. cxd4 Qxc6 23. Qxc6 Rxf1+ 24. Kxf1 bxc6 25. Rc1 a5 26. Rxc6 a4
27. Ke2 Kf8 28. Kd3 Ke7 29. Rc7+ Ke6 30. Kc4 h5 31. d5+ Kf6 32. d6
1-0

[Event "Oslo Chess International - Håvard Vederhus' memorial"]
[Site "Ullevaal Stadion"]
[Date "2013.09.29"]
[Round "2"]
[White "Turov, Maxim"]
[Black "Kvisla, Johannes"]
[Result "1-0"]
[WhiteElo "2586"]
[BlackElo "2157"]
[PlyCount "47"]
[EventDate "2013.??.??"]

1. d4 f5 2. c4 Nf6 3. Nc3 d6 4. Bg5 Nbd7 5. e3 g6 6. Qc2 Bg7 7. Nge2 e5 8.
O-O-O c6 9. f3 h6 10. Bh4 Qa5 11. g4 g5 12. Be1 fxg4 13. Nb5 Qd8 14. Nxd6+ Kf8
15. fxg4 Nxg4 16. Bh3 Nxe3 17. Qg6 Qe7 18. Bb4 c5 19. Bxd7 Bxd7 20. Rdf1+ Nxf1
21. Rxf1+ Kg8 22. Rf7 Qf8 23. Ng3 cxb4 24. Nh5
1-0

[Event "Oslo Chess International - Håvard Vederhus' memorial"]
[Site "Ullevaal Stadion"]
[Date "2013.09.29"]
[Round "2"]
[White "Merkesvik, Sondre"]
[Black "Bok, Benjamin"]
[Result "0-1"]
[WhiteElo "2055"]
[BlackElo "2520"]
[PlyCount "64"]
[EventDate "2013.??.??"]

1. Nf3 Nf6 2. c4 b6 3. d4 Bb7 4. Nc3 e6 5. g3 Bb4 6. Bg2 O-O 7. O-O Bxc3 8.
bxc3 d6 9. a4 Nbd7 10. a5 Qe7 11. Nd2 Bxg2 12. Kxg2 e5 13. e4 c5 14. d5 h6 15.
Qe2 bxa5 16. Nb3 a4 17. Rxa4 Nb6 18. Ra3 Qd7 19. Na5 Nc8 20. Nc6 Ne7 21. Nxe7+
Qxe7 22. f3 Nd7 23. Be3 f5 24. exf5 Rxf5 25. Rfa1 Nb6 26. Ra6 Rff8 27. Qa2 Qf6
28. Qe2 Qf7 29. Bf2 Nxc4 30. Qxc4 Qxf3+ 31. Kh3 Rf5 32. Qg4 Rh5+
0-1

[Event "Oslo Chess International - Håvard Vederhus' memorial"]
[Site "Ullevaal Stadion"]
[Date "2013.09.29"]
[Round "2"]
[White "Johannessen, Leif E"]
[Black "Persson, Mats"]
[Result "1-0"]
[WhiteElo "2519"]
[BlackElo "2238"]
[PlyCount "169"]
[EventDate "2013.??.??"]

1. d4 Nf6 2. c4 e6 3. Nc3 Bb4 4. Qc2 d5 5. a3 Bxc3+ 6. Qxc3 Ne4 7. Qc2 c5 8.
dxc5 Nc6 9. Nf3 Qa5+ 10. Bd2 Qxc5 11. e3 Nxd2 12. Nxd2 O-O 13. b4 Qe7 14. Bd3
g6 15. O-O Ne5 16. Rfd1 Bd7 17. cxd5 Rac8 18. Qb3 exd5 19. Be2 Be6 20. Qb2 f6
21. Nf3 Nc4 22. Qb3 Bf7 23. Nd4 a6 24. Bf3 Rfd8 25. g3 Kg7 26. Bg2 Ne5 27. h4
h5 28. Qb1 Nc4 29. Bf3 Qe5 30. Kg2 Nd6 31. Qd3 Ne4 32. Rac1 Nd6 33. Qb3 Ne4 34.
Rc2 Rxc2 35. Qxc2 Kg8 36. Rc1 Nd6 37. Qd3 Ne4 38. Ne2 Re8 39. Nf4 Kg7 40. Rd1
Nc3 41. Rc1 Ne4 42. Ne2 Re7 43. Qd4 Qxd4 44. Nxd4 Nd2 45. Rc8 Rd7 46. a4 f5 47.
a5 Kf6 48. Be2 Nc4 49. Bd1 Nd6 50. Rc5 Ne4 51. Rc1 Nd6 52. Ba4 Re7 53. Rc5 Ke5
54. Bc2 Re8 55. Rc7 Rd8 56. Bd3 Kf6 57. Kf3 Be8 58. Rc5 Nf7 59. Ke2 Ne5 60. Kd2
Ke7 61. f4 Ng4 62. Be2 Nf6 63. Bd3 Kd6 64. Nf3 Rd7 65. Ne5 Rc7 66. Rxc7 Kxc7
67. Kc3 Kd6 68. Kd4 Ng8 69. Be2 Ne7 70. Bf3 Ba4 71. Nf7+ Ke6 72. Nd8+ Kd7 73.
Nxb7 Bb5 74. Nc5+ Kd6 75. Nb3 Nc6+ 76. Kc3 Bc4 77. Nd4 Nd8 78. Bd1 Nf7 79. Ba4
Nh6 80. Be8 Ng4 81. Kd2 Nf6 82. Bxg6 Ne4+ 83. Kc2 Nxg3 84. Nxf5+ Nxf5 85. Bxf5
1-0

[Event "Oslo Chess International - Håvard Vederhus' memorial"]
[Site "Ullevaal Stadion"]
[Date "2013.09.29"]
[Round "2"]
[White "Schoellmann, Jochen"]
[Black "Narciso Dublan, Marc"]
[Result "1/2-1/2"]
[WhiteElo "2268"]
[BlackElo "2509"]
[PlyCount "93"]
[EventDate "2013.??.??"]

1. d4 f5 2. Bg5 g6 3. Nc3 Nh6 4. h4 Nf7 5. Bf4 c6 6. Qd2 d6 7. Nf3 Bg7 8. e4
Qa5 9. Ng5 Nxg5 10. hxg5 fxe4 11. O-O-O Bf5 12. Rh4 Na6 13. Be3 Nc7 14. Kb1
O-O-O 15. Be2 e5 16. d5 cxd5 17. Nxd5 Qxd2 18. Rxd2 Nxd5 19. Rxd5 a6 20. c4 Bf8
21. Rd1 Rd7 22. Rc1 Rf7 23. Bd1 Be7 24. Bb3 Rd8 25. g4 Be6 26. Bc2 Rd7 27. Bxe4
Bd8 28. f3 Bc7 29. Rh2 d5 30. cxd5 Bxd5 31. Bxd5 Rxd5 32. Bb6 Rdd7 33. Rhc2 Kb8
34. Bxc7+ Rxc7 35. Rxc7 Rxc7 36. Rxc7 Kxc7 37. Kc2 Kd6 38. Kc3 Kd5 39. Kd3 Kd6
40. a4 a5 41. Kc4 Kc6 42. b3 b6 43. b4 axb4 44. Kxb4 Kc7 45. Kc4 Kc6 46. Kb4
Kc7 47. Kc4
1/2-1/2

[Event "Oslo Chess International - Håvard Vederhus' memorial"]
[Site "Ullevaal Stadion"]
[Date "2013.09.29"]
[Round "2"]
[White "Devereaux, Maxim L"]
[Black "Bentsen, Øyvind"]
[Result "1-0"]
[WhiteElo "2369"]
[BlackElo "2121"]
[PlyCount "81"]
[EventDate "2013.??.??"]

1. e4 e5 2. Nf3 Nc6 3. Bb5 Nf6 4. O-O Nxe4 5. d4 Nd6 6. Bg5 Be7 7. Bxe7 Qxe7 8.
Bxc6 dxc6 9. dxe5 Nf5 10. Nc3 O-O 11. Qd2 Nh4 12. Nxh4 Qxh4 13. f4 Bf5 14. Qf2
Qxf2+ 15. Rxf2 Rad8 16. Rd1 Rxd1+ 17. Nxd1 Rd8 18. Ne3 Bc8 19. Kf1 Kf8 20. Ke1
Ke7 21. Rd2 Rf8 22. Ke2 f6 23. exf6+ Rxf6 24. g3 b6 25. Kf3 h5 26. Rd4 Rd6 27.
Re4+ Kf8 28. f5 Rd2 29. h3 g5 30. fxg6 Bxh3 31. Kf4 Bg4 32. Kg5 a5 33. Kh6 Rd7
34. Nxg4 hxg4 35. Rxg4 c5 36. Rf4+ Kg8 37. Re4 Kf8 38. a4 c6 39. c4 b5 40. cxb5
cxb5 41. axb5
1-0

[Event "Oslo Chess International - Håvard Vederhus' memorial"]
[Site "Ullevaal Stadion"]
[Date "2013.09.29"]
[Round "2"]
[White "Mikalsen, Erlend"]
[Black "Donchenko, Alexander"]
[Result "0-1"]
[WhiteElo "2145"]
[BlackElo "2467"]
[PlyCount "128"]
[EventDate "2013.??.??"]

1. e4 c6 2. d4 d5 3. e5 Bf5 4. h4 h5 5. c4 e6 6. Nc3 Nd7 7. cxd5 cxd5 8. Bd3
Bxd3 9. Qxd3 Ne7 10. Bg5 a6 11. Nge2 Nb6 12. O-O Qd7 13. Ng3 Nc6 14. f4 g6 15.
Bf6 Rg8 16. Kh2 Be7 17. Bg5 Rc8 18. b3 Qc7 19. Rf3 Ba3 20. Raf1 Bb4 21. Nce2
Ne7 22. Rc1 Qd7 23. Qb1 Qb5 24. Qb2 Qa5 25. a4 Kd7 26. Rcf1 Rc7 27. Kh3 Rgc8
28. Bxe7 Bxe7 29. Rc1 Qb4 30. Rxc7+ Rxc7 31. Rc3 Rc6 32. Qc2 Nc8 33. Nf1 Bd8
34. Qd3 Ne7 35. Ne3 Ba5 36. Rxc6 Nxc6 37. Nc2 Qd2 38. Qxd2 Bxd2 39. g4 hxg4+
40. Kxg4 Na5 41. Na1 Ke7 42. h5 f5+ 43. Kg5 gxh5 44. Kxh5 Kf7 45. Kh6 b6 46.
Kh7 b5 47. axb5 axb5 48. Kh6 b4 49. Kh7 Nc6 50. Nc2 Ne7 51. Kh6 Ng6 52. Kh7
Nxf4 53. Nxf4 Bxf4 54. Ne1 Bd2 55. Nf3 Be3 56. Kh8 Kg6 57. Kg8 f4 58. Kf8 Kf5
59. Kf7 Kg4 60. Kxe6 Kxf3 61. Kxd5 Bf2 62. e6 Bh4 63. Kc6 Ke4 64. d5 Ke5
0-1

[Event "Oslo Chess International - Håvard Vederhus' memorial"]
[Site "Ullevaal Stadion"]
[Date "2013.09.29"]
[Round "2"]
[White "Lampert, Jonas"]
[Black "Kvisvik, Brede Alex."]
[Result "1/2-1/2"]
[WhiteElo "2376"]
[BlackElo "2270"]
[PlyCount "89"]
[EventDate "2013.??.??"]

1. d4 d5 2. c4 dxc4 3. Nf3 Nf6 4. e3 b5 5. a4 b4 6. Nbd2 c3 7. bxc3 bxc3 8. Nb3
e6 9. Bb5+ c6 10. Be2 Bb4 11. O-O a5 12. Ne5 Ba6 13. Ba3 Bxe2 14. Qxe2 Qd5 15.
Rfb1 Nbd7 16. Nxd7 Nxd7 17. e4 Qd6 18. Nxa5 Bxa3 19. Nc4 Qxd4 20. Rd1 Qa7 21.
Rxa3 O-O 22. a5 Rad8 23. Rxc3 Qa6 24. Qc2 Nf6 25. Rb1 Rd4 26. Rb6 Rfd8 27. g3
Qa8 28. f3 Nd7 29. Rb1 Qa7 30. Kh1 h5 31. Rd3 c5 32. Rbd1 Nb8 33. Qb3 Nc6 34.
Rxd4 cxd4 35. Qb6 Qxb6 36. axb6 e5 37. Kg2 f6 38. Ra1 Kf7 39. b7 Ke6 40. Ra6
Kd7 41. Nb6+ Kc7 42. Nd5+ Kd7 43. Nb6+ Kc7 44. Nd5+ Kd7 45. Nb6+
1/2-1/2

[Event "Oslo Chess International - Håvard Vederhus' memorial"]
[Site "Ullevaal Stadion"]
[Date "2013.09.29"]
[Round "2"]
[White "Grønn, Atle"]
[Black "Vea, Odin Blikra"]
[Result "1-0"]
[WhiteElo "2372"]
[BlackElo "2226"]
[PlyCount "71"]
[EventDate "2013.??.??"]

1. Nf3 Nf6 2. c4 g6 3. g3 Bg7 4. Bg2 O-O 5. O-O d6 6. d4 Nc6 7. d5 Na5 8. Nfd2
c5 9. Nc3 a6 10. Qc2 Rb8 11. b3 b5 12. Bb2 e5 13. Rae1 Bh6 14. f4 Ng4 15. Nd1
exf4 16. Qc3 f6 17. gxf4 Bg7 18. h3 Nh6 19. e4 bxc4 20. bxc4 Rf7 21. Kh1 Qb6
22. Qc2 Qc7 23. Bc3 Bd7 24. Nb2 Nb7 25. Nd3 Qc8 26. Kh2 Re7 27. Rb1 Nd8 28.
Rxb8 Qxb8 29. Rb1 Qc7 30. Qb2 f5 31. Bxg7 Rxg7 32. Qb6 Ba4 33. Qxc7 Rxc7 34.
Rb8 Nhf7 35. e5 Rb7 36. Ra8
1-0